000 00282nam a22001337a 4500
008 170807b xxu||||| |||| 00| 0 eng d
020 _a9780201745610
041 _aeng
080 _a004
100 _a34
101 _aSHKI
245 _aMULTIMEDIA
_cLENGEL, J.G
942 _2udc
_cBK
999 _c22830
_d22830